| 000 | 03075nam0a2200457 i 4500 | ||
|---|---|---|---|
| 001 | RU\NLR\BIBL_A\010942611 | ||
| 005 | 20260406120504.0 | ||
| 010 |
_a9785806421723 _9300 |
||
| 021 |
_aRU _b2015-94087 _95818 |
||
| 035 | _a(NILC)RuMoRGB-008090083 | ||
| 035 | _a(NLR Aleph) 010942611 | ||
| 090 |
_a10756973 _c10756973 |
||
| 100 | _a20151222d2015 u y0rusy50 ca | ||
| 101 | 0 | _arus | |
| 102 | _aRU | ||
| 105 | _ag|||j|||000yy | ||
| 200 | 1 |
_aАрхетипические образы сюжетов о морских девах в драме "Русалка" А.С. Пушкина и одноименной опере А.С. Даргомыжского _eучебное пособие _fН.И. Верба _gРос. гос. пед. ун-т им. А.И. Герцена |
|
| 210 |
_aСанкт-Петербург _cИзд-во РГПУ _d2015 |
||
| 215 |
_a72 с. _cноты _d20 |
||
| 320 | _aБиблиогр. в конце разд. и в подстроч. примеч. | ||
| 500 | 1 | 0 |
_6z92702 _aРусалка |
| 600 | 1 |
_aПушкин _bА.С. _f1799 - 1837 _gАлександр Сергеевич _jУчебные издания для высших учебных заведений _xи фольклор _91663424 _3RU\NLR\AUTH\66737186 |
|
| 600 | 1 |
_aПушкин _bА.С. _f1799 - 1837 _gАлександр Сергеевич _jУчебные издания для высших учебных заведений _xи музыка _91660349 _3RU\NLR\AUTH\66735622 |
|
| 604 |
_1700#1$aПушкин$bА. С.$gАлександр Сергеевич$f1799 - 1837 _1500##$a"Русалка"$xОбразы$jУчебные издания для высших учебных заведений$2nlr_sh2$3RU\NLR\AUTH\6601593309 _3RU\NLR\AUTH\6601593309 _aПушкин, Александр Сергеевич (1799 - 1837) _t"Русалка" _xОбразы _jУчебные издания для высших учебных заведений _92277743 |
||
| 604 |
_1700#1$aДаргомыжский$bА.С.$f1813 - 1869 _1500##$a"Русалка"$2nlr_sh1$2nlr_sh2$3RU\NLR\AUTH\66341901$gАлександр Сергеевич _aДаргомыжский, А.С. (1813 - 1869) _t"Русалка" _9929371 _3RU\NLR\AUTH\66341901 |
||
| 686 | 2 | _aШ5(2=Р)51-4Пушкин536 | |
| 686 | 2 | _aШ5(2=Р)51-4Пушкин412 | |
| 686 | 2 | _aШ5(2=Р)51-4Пушкин86 | |
| 686 | _aЩ313(2Р=Рус)51-81Даргомыжский447.41"Русалка" | ||
| 700 | 1 |
_aВерба _bН. И. _gНаталья Ивановна |
|
| 702 | 1 |
_8rus _7ca _aПушкин _bА. С. _cпоэт _f1799-1837 _gАлександр Сергеевич _3RU\NLR\AUTH\77386 _9110441 |
|
| 702 | 1 |
_4230 _8rus _7ca _aДаргомыжский _bА. С. _f1813-1869 _gАлександр Сергеевич _3RU\NLR\AUTH\7752996 _935929 |
|
| 801 | 0 |
_aRU _bРГБ _c20151208 _gRCR |
|
| 801 | 1 |
_aRU _bРГБ _c20151208 _2rusmarc |
|
| 942 | _cBOOK | ||
| 980 | _aNBR | ||